1534 1372 1275 1861 1930 1761 1205 1001 1902 1431 1972 1463 1041 1436 1139 1419 1072 1876 1732 1006 1656 1863 1331 1393 1856 1855 1422 1457 1065 1213 1301 1879 1423 1722 1490 1817 1497 1007 1545 1060 1225 1228 1231 1111 1579 1502 1958 1254 1134 1535 1704 1771 1032 1028 1180 1979 1002 1053 1892 1530 1490 1350 1412 1827 1580 1170 1715 1485 1721 1325 1602 1306 1511 1838 1525 1873 1400 1461 1828 1357 1651 1691 1469 1113 1690 1090 1743 1896 1757 1655 1101 1295 1751 1312 1045 1986 1197 1061 1853 BCNSPRNW ULIB Ver.6.0+V

เปลี่ยนเป็นภาษาไทย

Change to English
 แสดงรายละเอียดบรรณานุกรม
  กลับหน้าหลัก

Brief Record : Get Marc (ISO 2709) : E-mail record : QR code < ปิดหน้าต่าง
LEADER : 00000nam 2200000uu 4500
001    13399126831
003     ULIB
008    020711s2560 th a 000 0 tha d
060    วจ.^aWY20.5^bน645ก
100    ^aนิรนาท วิทยโชคกิติคุณ และ ศิริพร แก้วกุลพัฒน์.
245    ^aการพัฒนารูปแบบการเรียนแบบร่วมมือด้วยเทคนิคจิ็กซอว์เพื่อส่งเสริมผลลัพธ์ทางการเรียนของนักศึกษาพยาบาลศาสตรบัณฑิต วิทยาลัยพยาบาลบรมราชชนนี สวรรค์ประชารักษ์ นครสวรคค์ : Development of Jigsaw Cooperative Learning Technique to Enhance Learning Outcomes of Nursing Students, Bechelor of Nursing Science Program Boromarajonani College of Nursing, Sawanpracharak Nakhonsawan.
260    ^aนครสวรรค์ :^bวิทยาลัยพยาบาลบรมราชชนนีสวรรค์ประชารักษ์ นครสวรรค์,^c2560
300    ^a111 หน้า;^b29 ซม.
650    ^aการพยาบาล
945    ^p0^l0^i005490
945    ^p0^l0^i005491
999    ^aอังศุธร กาญจนาโรจน์พันธ์
รายการนี้ยังไม่มีแท็ก
คุณยังไม่ได้ล็อกอิน คุณสามารถมีกิจกรรมร่วมกับเว็บไซต์ได้ แต่ต้องล็อกอินก่อน ::
  ล็อกอิน

รายการสื่อสารสนเทศ

ลำดับที่ ประเภท เลขเรียก/บาร์โค้ด สถานที่ สถานะ
1. Book การพยาบาล
Book การพยาบาล
วจ. WY20.5 น645ก ฉ.1 
  Barcode: 005490
ห้องสมุดวิทยาเขตสวรรค์ประชารักษ์
►หนังสือทั่วไป
บนชั้น
2. Book การพยาบาล
Book การพยาบาล
วจ. WY20.5 น645ก ฉ.2 
  Barcode: 005491
ห้องสมุดวิทยาเขตสวรรค์ประชารักษ์
►หนังสือทั่วไป
บนชั้น

รายการใกล้เคียง
    หัวเรื่อง [การพยาบาล]

BibComment


ยังไม่เคยถูกคอมเมนท์

คอมเมนท์ทรัพยากรรายการนี้
  คอมเมนท์: การพัฒนารูปแบบกา..


 Copyright 2026. Bcnsprnw @Library